Minerais da Série de Bowen - Statistics

Estatísticas Gerais
  • Esse quiz foi jogado 20 vezes
  • A pontuação média é 9 de 13
Estatísticas das Respostas
% Correto
K-Feldspato
100%
~1300 Olivina
100%
~700 Quartzo
100%
0-10 Albita
78%
90-100 Anortita
78%
v Biotita
78%
Piroxênio
78%
Anfibólio
67%
50-70 Labradorita
56%
Muscovita
56%
30-50 Andesina
44%
10-30 Oligoclásio
44%
70-90 Bytownita
33%
Nenhum quiz correspondente encontrado
Distribuição das Pontuações
Porcentagem de Pessoas com Cada Pontuação
Percentil de Números Respondidos
Sua Pontuação Histórica
Você não jogou esse quiz